Judicial Review in Kenya (Record no. 166214)
[ view plain ]
| 000 -LEADER | |
|---|---|
| fixed length control field | 00234nam a2200097Ia 4500 |
| 050 ## - LIBRARY OF CONGRESS CALL NUMBER | |
| Classification number | KSK 2461 .L 86 2006 |
| 100 ## - MAIN ENTRY--PERSONAL NAME | |
| Personal name | Lumumba,PLO |
| 245 #0 - TITLE STATEMENT | |
| Title | Judicial Review in Kenya |
| 942 ## - ADDED ENTRY ELEMENTS (KOHA) | |
| Koha item type | Long Loan Book |
| Withdrawn status | Lost status | Source of classification or shelving scheme | Damaged status | Not for loan | Collection | Home library | Current library | Date acquired | Inventory number | Total checkouts | Full call number | Barcode | Date last seen | Copy number | Price effective from | Koha item type | Date last checked out | Total renewals | Shelving location |
|---|---|---|---|---|---|---|---|---|---|---|---|---|---|---|---|---|---|---|---|
| Library of Congress Classification | Law | Kisii University Library | Kisii University Library | 09/15/2023 | 26442 | KSK 2416 .L86 2007 | 033332 | 09/15/2023 | C.1 | 09/15/2023 | Long Loan Book | ||||||||
| Library of Congress Classification | Law | Kisii University Library | Kisii University Library | 10/30/2024 | 105196 | 3 | KSK 2461 .L86 2006 | 000000015616 | 11/19/2025 | C.2 | 10/30/2024 | Long Loan Book | 11/07/2025 | ||||||
| Library of Congress Classification | Law | Kisii University Library | Kisii University Library | 10/30/2024 | 105197 | 4 | KSK 2461 .L86 2006 | 000000015617 | 04/22/2026 | C.3 | 10/30/2024 | Long Loan Book | 04/21/2026 | 1 | |||||
| Library of Congress Classification | Special Research | Kisii University Library | Kisii University Library | 10/30/2024 | 105198 | 2 | KSK 2461 .L86 2006 | 000000015719 | 12/18/2024 | C.4 | 10/30/2024 | Reference | 12/11/2024 | 1 | On Display | ||||
| Library of Congress Classification | Law | Kisii University Library | Kisii University Library | 10/30/2024 | 105199 | 2 | KSK 2461 .L86 2006 | 000000015718 | 12/23/2024 | C.5 | 10/30/2024 | Long Loan Book | 11/27/2024 | 1 | |||||
| Library of Congress Classification | Law | Kisii University Library | Kisii University Library | 10/30/2024 | 105200 | 2 | KSK 2461 .L86 2006 | 000000015717 | 12/17/2024 | C.6 | 10/30/2024 | Long Loan Book | 12/11/2024 | 1 | |||||
| Library of Congress Classification | Special Research | Kisii University Library | Kisii University Library | 11/06/2024 | 105201 | 2 | KSK 2461 .L86 2006 | 000000015716 | 12/16/2024 | C.7 | 11/06/2024 | Reference | 12/11/2024 | On Display |